00551nam a22001817a 450000500170000001000280001702000260004503500170007103500140008803700230010208200080012510000190013324500850015226000230023727000680026030000210032870000200034920240321111042.0 aB-756443-454 ENG-139836 c165.00a9789324192677 aB-756443-454 aEN-123368 bAadhunik Prakashan a004 aGaikwad, Neetu aStudy Guide CCC:bCourse on Computer Concepts/cNeetu Gaikwad and Shweta Agarwal aNew DelhibArihant bNew DelhiaRamchhaya 4577/15, Agarwal Road, Darya Ganj,e110002 a200p.c24cm(pbk) aAgarwal, Shweta